UK General Knowledge #7 - Statistics

General Stats
  • This quiz has been taken 363 times
    311 since last reset
  • The average score is 16 of 20
Answer Stats
Question Answer % Correct
What term was associated with the UK's withdrawal from the European Union in 2020? Brexit
95%
Which British nature broadcaster narrates documentaries such as 'Blue Planet' and 'Planet Earth'? David Attenborough
95%
Which UK city has the highest average price for a pint of beer? London
94%
'Caerdydd' is the Welsh name for which city? Cardiff
93%
Which British Television Network was launched in 1955 to rival the BBC? ITV
90%
Which British Nurse is credited as being the 'founder of modern nursing'? Florence Nightingale
89%
What is the most common tree species found in the UK? Oak Tree
89%
Who was the UK Prime Minister between 1997-2007? Tony Blair
89%
What year did Queen Elizabeth II's reign begin? 1952
88%
George Best represented which UK nation internationally at Football? Northern Ireland
87%
What territory did the UK transfer back to China in 1997? Hong Kong
86%
In which century did James Watt invent the steam engine? 18th Century
82%
What London theatre was originally built by William Shakespeare's playing company in 1599? The Globe Theatre
80%
Who is currently second in line for the British throne? Prince George
77%
'Aquae Sulis' is the latin name for which British city? Bath
68%
The Boer Wars were fought between Great Britain and the Boer Republics in which modern day country? South Africa
66%
Sir Steve Redgrave is the most decorated male Olympian in which sport? Rowing
65%
The London Lions participate in which sport? Basketball
50%
Which US singer holds the record for the most Official UK Number 1's Elvis Presley
43%
Which island group is located off the west coast of Cornwall? Isles of Scilly
42%
No matching quizzes found
Score Distribution
Percent of People with Each Score
Percentile by Number Answered
Your Score History
You have not taken this quiz since the last reset